000 00574nam a2200181 a 4500
001 000042502
005 20201002040209.0
008 131205s1970 sp 000 0 spa d
040 _aDO-SdBNP
_bspa
_cBNPHU
082 _axxx
_bxxx
100 1 _aAmo, Álvaro del,
_d1942-
_921397
245 1 0 _aCine y Critica de Cine /
_cAlvaro del Amo.
260 _aMadrid :
_bTaurus Ediciones,
_c1970.
300 _a90 p. ;
_c19 cm.
490 1 _aCuadernos taurus
_v96
500 _aIncluye referencias bibliográficas y notas al pie de las páginas
830 0 _aCuadernos taurus
_n96
_969701
999 _c41991
_d41991